Central Library OPAC University of Rajshahi

biiss journal / (Record no. 1306)

MARC details
000 -LEADER
fixed length control field 00797nas a2200253 a 4500
001 - CONTROL NUMBER
control field 1306
003 - CONTROL NUMBER IDENTIFIER
rucl marc code BD-RjUL
005 - DATE AND TIME OF LATEST TRANSACTION
control field 20250901153606.0
008 - FIXED-LENGTH DATA ELEMENTS--GENERAL INFORMATION
fixed length control field 131125c19809999bg ||||| |||| 00| u0eng d
035 ## - SYSTEM CONTROL NUMBER
System control number (BD-RjUL)
040 ## - CATALOGING SOURCE
Original cataloging agency BD-RjUL
Language of cataloging eng
Transcribing agency BD-RjUL
041 ## - LANGUAGE CODE
Language code of text/sound track or separate title eng
082 ## - DEWEY DECIMAL CLASSIFICATION NUMBER
Classification number 320.5
Author mark and year BIJ
245 ## - TITLE STATEMENT
Title biiss journal /
Statement of responsibility, etc. Bangladesh Institute of International and Strategic Studies
260 ## - PUBLICATION, DISTRIBUTION, ETC. (IMPRINT)
Place of publication, distribution, etc. Dhaka :
Name of publisher, distributor, etc. Bangladesh Institute of International and Strategic Studies,
Date of publication, distribution, etc. 1980-
300 ## - PHYSICAL DESCRIPTION
Pagination V. ;
Size 23 cm.
500 ## - GENERAL NOTE
General note International Political Science Abstracts
650 ## - SUBJECT ADDED ENTRY--TOPICAL TERM
Topical term or geographic name as entry element Political Science
Form subdivision Periodicals
9 (RLIN) 3865
710 ## - ADDED ENTRY--CORPORATE NAME
Corporate name or jurisdiction name as entry element Bangladesh Institute of International and Strategic Studies
9 (RLIN) 4442
942 ## - ADDED ENTRY ELEMENTS (KOHA)
Source of classification or shelving scheme Dewey Decimal Classification
Koha item type Continuing Resources
Holdings
Lost status Source of classification or shelving scheme Damaged status Not for loan Permanent Location Current Location Shelving location Date acquired Source of acquisition Total Checkouts Full call number Date last seen Copy number Koha item type Cost, normal purchase price
  Dewey Decimal Classification   Not For Loan Central Library, University of Rajshahi Central Library, University of Rajshahi   17/06/2010 Bangladesh Institute of International and Strategic Studies, Dhaka   P 320.5 BIJ V.3 No.1-2 1982 25/11/2013 C-1 Continuing Resources  
  Dewey Decimal Classification   Not For Loan Central Library, University of Rajshahi Central Library, University of Rajshahi   17/06/2010 Bangladesh Institute of International and Strategic Studies, Dhaka   P 320.5 BIJ V.30 No.1-4 2009 18/04/2014 C-1 Continuing Resources 600.00